000 00543nam a2200157Ia 4500
008 220216s9999 xx 000 0 und d
100 _aNair N U
245 0 _aLand and soil controls over the spatial distribution and productivity of rubber (Hevea brasiliensis) in Southern India
260 _b19th World Congress of Soil Science, Soil Solutions for a Changing World, 1-6 August 2010, Brisbane, Australia
700 _aChandy B
700 _aMeti S
700 _aNaidu L G K
700 _aNair K M
700 _aRao D V K N
942 _cBS
999 _c53157
_d53157